000 00909nam a2200241 4500
001 0000015378
005 20250329172015.0
007 ta
008 160627s1994 000 0 eng d
020 _a(V1) 8475836690
040 _aCO-CtgCURN
_bspa
_ccoctgcurn
082 0 _aR200.9
_bC41c
100 1 _aChadwick, Henry.
245 1 3 _aEl cristianismo :
_bveinte siglos de la historia /
_cHenry Chadwick y G. R. Evans.
260 1 _aBarcelona : :
_bFolio,,
_c1994.
300 _a2 v.
505 8 _av.1: La iglesia primitiva.--La iglesia medieval.--Ser un peregrino.--Reforma y reacción.--v.2: Reforma y reacción (Continuacion).--La tradicion cristiana.--El mundo cristiano actual.--Articulos especiales
650 1 4 _aCristianismo
_vHistoria.
700 1 _aEvans, G. R.
908 _a160627
942 _cREF
_hR200.9
_iC41c
999 _c7190
_d7190